Datum a čas kvízu
38
Celkem bodů
Celkový počet nahraných bodů na tomto kvízu bez doplňovacích otázek.
1.
Pořadí na kvízu
Konečné umístění týmu na tomto kvízu.
Zaznamenané odpovědi
| # | Otázka | Odpověď | Body | Výsledky |
|---|---|---|---|---|
| 1. | Ve středu jmenovala vláda Víta... | GIBS (Generální inspekce bezpečnostních sborů) | 1 | |
| 2. | Ve kterém evropském hlavním mě... | v Kyjevě | 1 | |
| 3. | Jak se nazývá nový pořad TV No... | Ztracená rodina | 0 | |
| 4. | Česká národní banka minulý týd... | posílat peníze na telefonní číslo | 0 | |
| 5. | Které dvě reprezentace se v ne... | Německo a Srbsko | 0.5 | |
| 6. | Podle některých statistik obýv... | zmije | 0 | |
| 7. | Mezi člověku velmi nebezpečná... | A | 1 | |
| 8. | Sloni afričtí každoročně zabij... | Zoo Dvůr Králové a Zoo Zlín (Lešná) | 0.5 | |
| 9. | Nebezpečným zvířetem, s nímž s... | medvěd kodiak | 1 | |
| 10. | Jedním z nejnebezpečnějších ve... | 4 prsty | 1 |